000 00615nam a2200205Ia 4500
003 GCL
008 140319s9999 xx 000 0 ara d
020 _a4123004977
040 _aGCL /
_cGCL
082 0 4 _a658.5
_bح ا
100 1 _aحمدى مصطفى المعاز
245 1 0 _aادارة الانتاج /
_cحمدى مصطفى المعاز
260 _aالقاهرة :
_bدار النهضة العربية ،
_c1994
300 _a439 ص ؛
_c24 سم
490 _a
650 0 4 _aادارة الانتاج
650 0 4 _aضبط الانتاج
650 0 4 _aتخطيط الانتاج
942 _2ddc
_cBK
999 _c37612
_d37612